| 000 | 00669nam a22002417a 4500 | ||
|---|---|---|---|
| 003 | OSt | ||
| 005 | 20140310181745.0 | ||
| 008 | 130306t xxu||||| |||| 00| 0 eng d | ||
| 020 | _a1853263923 | ||
| 050 |
_aPE 1519 _b.Es77 2002 |
||
| 082 |
_aIB 423.1 _bEs6 2002 |
||
| 100 | _aEspy, Willard R. | ||
| 245 |
_aThe Wordsworth rhyming dictionary / _cWillard R. Espy |
||
| 260 |
_aWare, Hertfordshire : _bWordsworth Reference, _c2002. |
||
| 300 |
_a659 p. : _c20 cm. |
||
| 562 | _e3 | ||
| 650 | _a English language--Rhyme--Dictionaries. | ||
| 650 | _a English language--Versification. | ||
| 942 |
_2lcc _cBK |
||
| 999 |
_c2952 _d2952 |
||